000 00538nam a2200217Ia 4500
005 20240528111737.0
008 131103s9999 xx 000 0 und d
020 _a713184698
040 _aLoreto College
041 _aEnglish
082 _a510.7
_bMER
100 _aMerttens, Ruth
245 _aTeaching primary math
_cRuth Merttens
260 _aLondon
_bEdward
_c1989
300 _a181p.
440 _aTeaching matters
504 _aIncludes bibliography
650 _aMathematics - method
850 _aLCBED
942 _cBK
999 _c28205
_d78684